Statistics for All Super Smash Flash characters

Click here to take the quiz!

General Stats

  • This quiz has been taken 60 times
    (24 since last reset)
  • The average score is 36 of 59

Answer Stats

SSF1SSF2Character% Correct
Mario
100%
Luigi
89%
Pikachu
89%
Bowser
83%
Peach
83%
Zelda
83%
Captain Falcon
78%
Fox
78%
Jigglypuff
78%
Link
78%
Lucario
78%
Ness
78%
Samus
78%
Sonic
78%
Donkey Kong
72%
Falco
72%
Kirby
72%
Mega Man
72%
Pichu
72%
Bandana Dee
67%
Goku
67%
Ichigo
67%
Marth
67%
Meta Knight
67%
Mr. Game & Watch
67%
Naruto
67%
Pac-Man
67%
Ryu
67%
Sheik
67%
Sora
67%
Tails
67%
Waluigi
67%
Wario
67%
Yoshi
67%
Zero
67%
Knuckles
61%
Krystal
61%
Luffy
61%
Rayman
61%
Zero Suit Samus
61%
Bomberman
56%
Chibi-Robo
56%
Mewtwo
56%
Shadow
56%
Simon
56%
Black Mage
50%
Isaac
50%
Pit
50%
Lloyd
44%
Sandbag
44%
Cloud
33%
InuYasha
33%
Super Sonic
33%
Blade
28%
Blue
28%
Crono
22%
Young Link
22%
Mega Man X
17%
Mr. Indestructible
0%

Score Distribution

Percentile by Number Answered

Percent of People with Each Score

Your Score History

You have not taken this quiz since the last reset